| 000 | 00877nam a2200205 i 4500 | ||
|---|---|---|---|
| 001 | 157565 | ||
| 003 | ES-MaACL | ||
| 005 | 20230906210729.0 | ||
| 008 | 040831s1896 fr adf |||| | fre d | ||
| 040 |
_aCAM _bspa _cCAM |
||
| 100 | 0 |
_aLeroy, Charles Felix-Auguste. _971797 |
|
| 245 | 1 | 0 |
_aTraité de géométrie descriptive _b: suivi de la méthode des plans cotés et de la théorie des engrenages cylindriques et coniques, avec une collection d'epures, composée de 71 planches / _cpar C.-F.-A. Leroy. |
| 250 |
_a14e éd. _brev. et ann. par E. Martelet. |
||
| 260 |
_aParis : _bGauthiers-Villars et Fils, _c1896. |
||
| 300 |
_a2 v. : _bil. ; _c28 cm. |
||
| 597 | _at. I: Texte (XX, 369 p.) -- T.II: Planches (71 láminas) | ||
| 650 | 0 | 4 |
_aGeometría descriptiva. _9136182 |
| 700 | 1 |
_aMartelet, E. _9129551 |
|
| 852 |
_aES-MaACL _jB-12992-12993 _z-- Enc. pasta española |
||
| 999 |
_c157565 _d157565 |
||